000 00530nam a2200193Ia 4500
003 OSt
005 20250510090404.0
008 210210b1971 xxu||||| |||| 00| 0 eng d
040 _cAL
041 _aKannada
082 _aK894.3 SAVJ
100 _aSAVITRIDEVI NAIDU
_dಸಾವಿತ್ರಿದೇವಿ ನಾಯ್ಡು
_9209801
245 _aJavanike
_bಜವನಿಕೆ
260 _aBengaluru
_bVasavamba Prakashana
_c1971
300 _a210
690 _aKannada Fiction
_9209802
906 _a032545
942 _2ddc
_cBK
999 _c83634
_d83634